000 00641nam a2200205 i 4500
001 80835
003 ES-MaACL
005 20230906174317.0
007 t|
008 041029s1957 sp ||||1| spa d
100 1 _aHoracio Flaco, Quinto.
_964182
245 1 0 _aOdas y Sátiras
_b: completas /
_cHoracio ; traducción, prólogo y notas por José Torrens Béjar.
260 _a[Barcelona :
_bs.n.,
_c1957] (
_fRafael Salvá)
300 _aXI, 216 p. ;
_c19 cm.
490 1 _aObras maestras
700 1 _aTorrens Béjar, José.
_9110825
830 0 _aObras maestras
_9181001
852 _aES-MaACL
_jC-13429
_bR.40183
999 _c80835
_d80835